00448nam a2200145 i 4500001000300000245005000003260002100053040000800074041000800082942000700090008004100097999001700138856009800155952004900253bg 0aWtrącenia niemetaliczne w stopach żelaza. aKraków,c1988. cBPK apol cKS s pl f |000 0 pol  c28711d28711 uhttp://koha.tu.koszalin.pl/cgi-bin/koha/opac-detail.pl?biblionumber=28711yKatalog online BPK 00104070aBPKbBPKcwo34603p01596977yKS